000 00357 a2200169 4500
001 70427
020 _a8508044674
040 _cAnchieta - Itaigara
100 _aTrurber, James
240 1 0 _aLuas e luas
_lpor
245 1 0 _aLuas e luas
300 _a[42p.]
362 0 _a2005
440 1 _aÁtica
650 4 _aLiteratura infanto-juvenil
942 _cBK
999 _c70427
_d70427